000 00743nam a2200205Ia 4500
001 19508
003 GE_BSU
008 181216s||||||||xx |||||||||||||| ||und||
040 _cGE_BSU
080 _a811.353.1-26
245 _aთანამედროვე ქართული სალიტერატურო ენის ნორმები: კრ. I
245 _cრედ:ივ.გიგინეიშვილი
260 _aთბილისი
260 _bმეცნიერება
260 _c1986
300 _a296 გვ;21სმ.
653 _aქართული ენა
653 _aქართული სალიტერატურო ენის ნორმები;
942 _cBK
999 _c52485
_d52485